Teoretické východiská strategickej analýzy značky

Ciele strategickej analýzy značky. Analýza zákazníka. Analýza konkurencie. Vlastná analýza značky.

Guardado en:
Detalles Bibliográficos
Autor principal: Lukačovičová, Zuzana
Formato: Capítulo de libro
Lenguaje:eslovaco
Materias:
Etiquetas: Agregar Etiqueta
Sin Etiquetas, Sea el primero en etiquetar este registro!

MARC

LEADER 00000nla$a2200000$$$4500
001 0120614
005 20240502072347.6
041 0 |a slo 
044 |a SK 
245 1 0 |a Teoretické východiská strategickej analýzy značky  |c Zuzana Lukačovičová 
520 |a Ciele strategickej analýzy značky. Analýza zákazníka. Analýza konkurencie. Vlastná analýza značky. 
610 2 0 |a produkty 
610 2 0 |a značky výrobkov 
610 2 0 |a analýzy 
610 2 0 |a zákazníci 
610 2 0 |a konkurencia 
610 2 0 |a trh 
610 2 0 |a identita 
100 1 |a Lukačovičová, Zuzana